|
|
|
|
| LEADER |
00000nam0a2200000 4500 |
| 001 |
363163 |
| 005 |
20231102011549.0 |
| 035 |
|
|
|a (RuTPU)RU\TPU\retro\20510
|
| 090 |
|
|
|a 363163
|
| 100 |
|
|
|a 20210921d1906 k y0rusy50 ca
|
| 101 |
0 |
|
|a rus
|
| 102 |
|
|
|a RU
|
| 105 |
|
|
|a y z 000zy
|
| 200 |
1 |
|
|a Условия свинцово-рудного дела за границей и сравнение их с русскими
|f М. М. Протодьяконов
|g Екатеринославское высшее горное училище
|
| 210 |
|
|
|a Екатеринослав
|c Типография Губернского Земства
|d 1906
|
| 215 |
|
|
|a 39 с.
|
| 300 |
|
|
|a Текст в русской дореформенной орфографии
|
| 317 |
|
|
|5 63413507: КР-7227
|a Поступил в НТБ в 2004 г. в составе книжного собрания кафедры общей геологии
|
| 606 |
1 |
|
|a Свинцовые руды
|x Добыча
|2 stltpush
|3 (RuTPU)RU\TPU\subj\54234
|9 72392
|
| 610 |
1 |
|
|a свинцово-рудное дело
|
| 610 |
1 |
|
|a условия
|
| 610 |
1 |
|
|a зарубежные страны
|
| 610 |
1 |
|
|a Россия
|
| 610 |
1 |
|
|a сравнение
|
| 610 |
1 |
|
|a рудники
|
| 610 |
1 |
|
|a Коллекция кафедры общей геологии
|
| 610 |
1 |
|
|a дары библиотеке
|
| 675 |
|
|
|a 622.344
|v 4
|
| 700 |
|
1 |
|a Протодьяконов
|b М. М.
|g Михаил Михайлович
|
| 712 |
0 |
2 |
|a Екатеринославское высшее горное училище
|c (1899-1912)
|2 stltpush
|3 (RuTPU)RU\TPU\col\17465
|9 26633
|
| 801 |
|
1 |
|a RU
|b 63413507
|c 20210921
|
| 801 |
|
2 |
|a RU
|b 63413507
|c 20220427
|g RCR
|
| 942 |
|
|
|c BK
|